Diferencias entre latinoamericanos en la OMC: Guatemala - México; Argentina - Brasil

שמור ב:
מידע ביבליוגרפי
פורמט: Texto
נושאים:
תגים: הוספת תג
אין תגיות, היה/י הראשונ/ה לתייג את הרשומה!

MARC

LEADER 00000 a a2200000 04500
001 13128
003
040
245 |a Diferencias entre latinoamericanos en la OMC:   |b Guatemala - México; Argentina - Brasil  
650 |a OMC  
650 |a ELECTRICIDAD  
650 |a ECONOMIA  
650 |a GUATEMALA  
773 |g volumen 8, número 4; páginas 9-11  
999 |c 28609  |d 28609